000 00998cam a2200217 4500
001 WB3608-30
008 000000n2000 000 0 eng u
035 _a(Sirsi) u104365
245 _aJA Pye (Oxford) Ltd and another v Graham and another
260 _c2000
490 _aEstates Gazette Case Summaries
_v [2000] EGCS 21 (1)
520 _aChD 4 February 2000. In 1982 G purchased farm from P, who owned the adjoining land. P granted defendants a licence to farm the adjoining land. P did not respond to defendants' request for an renewed licence in 1984 for 1985. G continued to farm the disputed land. The issue was whether G had acquired title of the land by adverse possession. Held, the claimants' application for possession dismissed.
590 _aWB
650 _aADVERSE POSSESSION
650 _aEXTINGUISHMENT OF TITLE
650 _aLIMITATION ACT 1980 S15(1)
650 _aLICENCES TO OCCUPY
650 _aJA PYE (OXFORD) LTD V GRAHAM
690 _aPROPERTY
942 _n0
999 _c62611
_d62611